000 00289nam a2200109Ia 4500
008 220204s9999 xx 000 0 und d
082 _bBRA
100 _aBraverman, Jerome D
245 0 _aFundamentals of statistical quality control
260 _aVirginia
_bPrentice Hall
_c1981
942 _cBK
999 _c36401
_d36401